000 00498nam a2200133 a 4500
008 120416s1966 ||||||||||||||||| || u
050 _aHG 3881 Tri
100 _aTriffin, Robert
245 1 4 _aThe world money maze
246 _anational currencies in international payments
260 _aNew Haven
_bYale University
_c1966
350 _a0.00
995 _D0.00
_FCBU-MAIN LIBRARY (Kitwe)
_H1
_I8.95
_M1
_UAVAILABLE
_ZAnnex Low-Usage Collection
999 _c62130
_d62130